| 000 | 00865cam a2200229 u 4500 | ||
|---|---|---|---|
| 005 | 20230605143736.0 | ||
| 008 | 191107s2000 mx fr 000 0 spa|d | ||
| 020 | _a9681209524 | ||
| 035 | _aUPN01000233915 | ||
| 040 |
_aMX-MxUPN _bspa _cMX-MxUPN |
||
| 050 | 1 | 4 |
_aHN120 C5 _bL4.9 |
| 100 | 1 |
_aLezama de la Torre, José Luis, _936220 _d1952- |
|
| 245 | 1 | 0 |
_aAire dividido : _bcrítica a la política del aire en el valle de México, 1979-1996 / _cJosé Luis Lezama. |
| 260 |
_aMéxico, D.F. : _bEl Colegio de México, Centro de Estudios Demográficos y Desarrollo Urbano , _c2000. |
||
| 300 | _a330 p. | ||
| 530 | _aDisponible en línea | ||
| 650 | 7 |
_aAire _xContaminación _xAspectos sociales _zCiudad de México _2 _943961 |
|
| 856 | 4 | 0 |
_uhttps://www.jstor.org/stable/j.ctv3f8q8s _yTexto completo |
| 905 | _aLibro | ||
| 942 |
_2lcc _cLIBRO |
||
| 999 |
_c206010 _d206010 |
||